Taylor Swift - Chansons de The Life of a Showgirl par durée - Statistiques

Statistiques générales
  • Ce quiz a été pris 24 fois
  • Le résultat moyen est 9 sur 12
Statistiques - réponses
Durée Chansons % Correct
2min30 Wood
95%
2min43 Actually Romantic
81%
3min55 Opalite
76%
3min31 CANCELLED!
71%
4min06 Eldest Daughter
71%
3min28 Elizabeth Taylor
71%
3min32 Father Figure
71%
3min01 Honey
71%
3min40 Ruin the Friendship
71%
3min46 The Fate of Ophelia
71%
4min01 The Life of a Showgirl
71%
3min27 Wi$h Li$t
71%
Aucun quiz correspondant
Distribution des résultats
% des personnes avec chaque résultat
Percentile par nombre de réponses
Votre historique - résultats
Vous n’avez pas pris ce quiz